00780nam a2200217Ia 4500003000400000005001700004008004100021020001800062040000700080041000800087082002400095100003300119245009800152260003000250300001500280365001300295906009000308942001200398999001900410952013300429OSt20230511164141.0210423s2003 xx 000 0 und d a9788181474117 cAL aeng a660.6072 223bSTEF aSTEPHENSON (Frank H)9103985 aCalculation in molecular biology and biotechnology: a guide to mathematics in the laboratory. aUSAbAcademic Pressc2003 axv,302bPB b495cINR abiology ; biotechnology ; Calculation ; guide ; laboratory. ; mathematics ; molecular 2ddccBK c164348d164348 001040708BTaSACPGbSACPGd2010-07-27eCurrent booksg495.00l0o660.6072 STEFpPG010846r2022-08-24 00:00:00w2021-04-26yBK